|
|
|
|
| LEADER |
00000nam0a2200000 4500 |
| 001 |
279736 |
| 005 |
20231101235234.0 |
| 020 |
|
|
|a RU
|b 86-48633
|
| 035 |
|
|
|a (RuTPU)RU\TPU\book\303041
|
| 090 |
|
|
|a 279736
|
| 100 |
|
|
|a 20141223d1986 m y0rusy5003 ca
|
| 101 |
0 |
|
|a rus
|
| 102 |
|
|
|a RU
|
| 105 |
|
|
|a a j 001zy
|
| 200 |
1 |
|
|a Идентификация и управление процессами в черной металлургии
|e учебное пособие для вузов
|f В. И. Салыга, Н. Н. Карабутов
|
| 210 |
|
|
|a Москва
|c Металлургия
|d 1986
|
| 215 |
|
|
|a 192 с.
|c ил.
|d 20 см
|
| 320 |
|
|
|a Библиогр.: с. 190-191 (50 назв.)
|
| 606 |
1 |
|
|a Черная металлургия
|x Управление
|x Автоматизация
|2 stltpush
|3 (RuTPU)RU\TPU\subj\18659
|9 44048
|
| 610 |
1 |
|
|a металлургические объекты
|
| 610 |
1 |
|
|a идентификация
|
| 610 |
1 |
|
|a адаптивные модели
|
| 610 |
1 |
|
|a итерационные алгоритмы
|
| 610 |
1 |
|
|a исходные данные
|
| 610 |
1 |
|
|a металлургические процессы
|
| 610 |
1 |
|
|a пакеты прикладных программ
|
| 610 |
1 |
|
|a металлургическое производство
|
| 610 |
1 |
|
|a учебные пособия
|
| 675 |
|
|
|a 669.1.012-52(075.8)
|z rus
|v 4
|
| 700 |
|
1 |
|a Салыга
|b В. И.
|g Валерий Иванович
|4 070
|
| 701 |
|
1 |
|a Карабутов
|b Н. Н.
|g Николай Николаевич
|4 070
|
| 801 |
|
0 |
|a RU
|b RuMRKP
|c 19950704
|g psbo
|
| 801 |
|
1 |
|a RU
|b 63413507
|c 20141223
|
| 801 |
|
2 |
|a RU
|b 63413507
|c 20170419
|g RCR
|
| 942 |
|
|
|c BK
|